000 00254 a2200109 4500
001 51148
040 _cAnchieta - Pituba
240 1 0 _aSophie Scholl
_l
245 1 0 _aSophie Scholl
650 4 _aLínguas germânicas (teutônicas) língua alemã
942 _cMX
999 _c51148
_d51148